000 00295nam a2200121 i 4500
001 bg
245 0 _aWłasności wybuchowe i palne metanu, amoniaku i ich mieszanin.
260 _aWrocław,
_c1976.
040 _cBPK
041 _apol
942 _cKS
008 s pl f |000 0 pol
999 _c16870
_d16870
856 _uhttp://koha.tu.koszalin.pl/cgi-bin/koha/opac-detail.pl?biblionumber=16870
_yKatalog online BPK